Catálogo
 En Linea

Una primavera para el mundo : (Registro nro. 46040)

Detalles MARC
000 -CABECERA
campo de control de longitud fija 03000nam a2200349 i 4500
001 - NÚMERO DE CONTROL
campo de control 000046551
003 - IDENTIFICADOR DEL NÚMERO DE CONTROL
campo de control DO-SdBNP
005 - FECHA Y HORA DE LA ÚLTIMA TRANSACCIÓN
campo de control 20250213091026.0
007 - CAMPO FIJO DE DESCRIPCIÓN FÍSICA--INFORMACIÓN GENERAL
campo de control de longitud fija ta
008 - DATOS DE LONGITUD FIJA--INFORMACIÓN GENERAL
campo de control de longitud fija 150825s2015 dr ac 000 0 spa d
020 ## - NÚMERO INTERNACIONAL ESTÁNDAR DEL LIBRO
Número Internacional Estándar del Libro 9789945874938
040 ## - FUENTE DE LA CATALOGACIÓN
Centro catalogador/agencia de origen DO-SdBNP
Lengua de catalogación spa
Centro/agencia transcriptor BNPHU
Normas de descripción rda
041 ## - CÓDIGO DE LENGUA
Código de lengua del texto/banda sonora o título independiente spa
082 #4 - NÚMERO DE LA CLASIFICACIÓN DECIMAL DEWEY
Número de clasificación 972.93054
Número de documento/Ítem F745r
Número de edición 22
100 1# - ENTRADA PRINCIPAL--NOMBRE DE PERSONA
Nombre de persona Fortunato, René,
Fechas asociadas al nombre 1958-
Término indicativo de función/relación autor
Código de función/relación aut.
9 (RLIN) 55460
245 10 - MENCIÓN DE TÍTULO
Título Una primavera para el mundo :
Resto del título la revolución constitucionalista de 1965; álbum 50 aniversario /
Mención de responsabilidad, etc. René Fortunato ; prólogo, Hugo Tolentino Dipp.
264 #1 - PRODUCCIÓN, PUBLICACIÓN, DISTRIBUCIÓN, FABRICACIÓN Y COPYRIGHT
Producción, publicación, distribución, fabricación y copyright Santo Domingo, República Dominicana :
Nombre del de productor, editor, distribuidor, fabricante Videocine Palau,
Fecha de producción, publicación, distribución, fabricación o copyright 2015.
300 ## - DESCRIPCIÓN FÍSICA
Extensión 429 páginas :
Otras características físicas ilustraciones, retratos ;
Dimensiones 31 cm.
336 ## - TIPO DE CONTENIDO
Término de tipo de contenido texto
Código de tipo de contenido txt
Fuente rdacontent
337 ## - TIPO DE MEDIO
Nombre/término del tipo de medio sin mediación
Código del tipo de medio n
Fuente rdamedia
338 ## - TIPO DE SOPORTE
Nombre/término del tipo de soporte volumen
Código del tipo de soporte nc
Fuente rdacarrier
490 0# - MENCIÓN DE SERIE
Mención de serie Colección Documentos de Historia Contemporánea
Designación de volumen o secuencia volumen 3
500 ## - NOTA GENERAL
Nota general Incluye índice onomástico
504 ## - NOTA DE BIBLIOGRAFÍA, ETC.
Nota de bibliografía, etc. Bibliografía : p. 415-417
505 0# - NOTA DE CONTENIDO CON FORMATO
Nota de contenido con formato Introducción --
Título Repercusión internacional de la revolución constitucionalista. Pronunciamientos y declaraciones de las más importantes personalidades del mundo sobre la revolución constitucionalista del 1965 --
-- Lyndon B. Johnson. Discurso del presidente de los Estados Unidos 28 de abril de 1965 y 2 de mayo de 1965 --
-- Charles de Gaulle, presidente de Francia --
-- Eduardo Frei Monsalva, presidente de Chile --
-- Raúl Leoni, presidente de la República de Venezuela --
-- Papa Pulo VI --
-- Salvador Allende, Senador de la República de Chile --
-- William Fulbright, Senador y presidente de la comisión de relaciones exteriores del senado de Estados Unidos --
-- Lázaro Cárdenas, ex presidente de México (1934-1940) --
-- Arturo Frondizi, ex presidente de Argentina (1958-1962) --
-- Intelectuales franceses --
-- Intelectuales estadoudinenses --
-- Fidel Castro, primer ministro del gobierno revolucionario de Cuba. Discurso del 1 de mayo de 1965 --
-- La debilidad de la fuerza Juan Bosch --
-- Cronología de acontecimientos Santo Domingo, América Latina y el resto del mundo. 24 de abril al 3 septiembre de 1965 --
-- Discursos del Presidente de la República, Francisco Alberto Caamaño Deñó, y del Doctor Aníbal Campagna 3 de septiembre de 1965 --
-- Acontecimientos de postguerra --
-- Regreso a Santo Domingo del ex presidente Juan Bosch --
-- Manifestación y disturbios en la avenida Duarte --
-- Ataque al Hotel Matum en Santiago --
-- Salida al exterior del coronel Caamaño y otros altos oficiales constitucionalistas --
-- Declaración del Coronel Francisco Alberto Caamaño Deñó --
-- Militares constitucionalistas que viajaron junto a Caamaño.
590 ## - NOTA LOCAL (RLIN)
Nota local Inventariado, 2019/MFF
651 #4 - PUNTO DE ACCESO ADICIONAL DE MATERIA--NOMBRE GEOGRÁFICO
Nombre geográfico República Dominicana
Subdivisión general Historia
Subdivisión cronológica Revolución, 1965
9 (RLIN) 2167
651 #4 - PUNTO DE ACCESO ADICIONAL DE MATERIA--NOMBRE GEOGRÁFICO
Nombre geográfico República Dominicana
Subdivisión general Historia
Subdivisión cronológica Revolución ,1965
Subdivisión de forma Fotografías
9 (RLIN) 69379
700 1# - PUNTO DE ACCESO ADICIONAL--NOMBRE DE PERSONA
Nombre de persona Tolentino Dipp, Hugo,
Fechas asociadas al nombre 1930-2019
Término indicativo de función/relación prologuista
Código de función/relación pr.
9 (RLIN) 12717
910 ## - DATOS DE OPCIÓN DEL USUARIO (OCLC)
Datos de opción del usuario VMateo / Validado. Control de calidad MFF
942 ## - ELEMENTOS DE PUNTO DE ACCESO ADICIONAL (KOHA)
Fuente del sistema de clasificación o colocación Dewey Decimal Classification
Tipo de ítem Koha Libro
Existencias
Estado de retiro Estado de pérdida Fuente del sistema de clasificación o colocación Restricciones de uso No para préstamo Código de colección Localización permanente Ubicación/localización actual Ubicación en estantería Fecha de adquisición Número de inventario Total de préstamos Signatura topográfica completa Código de barras Fecha visto por última vez Número de copia Precio válido a partir de Tipo de ítem Koha Fuente de adquisición Nota pública
    Dewey Decimal Classification Préstamo en sala   Dominicana de Servicio Biblioteca Nacional Pedro Henríquez Ureña Biblioteca Nacional Pedro Henríquez Ureña Depósito 25.08.2015   BNPHU DS 972.93054 F745r 46551-30 25.06.2020 e.3 25.06.2020 Libro    
    Dewey Decimal Classification Excluido de préstamo   Patrimonio Dominicano Biblioteca Nacional Pedro Henríquez Ureña Biblioteca Nacional Pedro Henríquez Ureña Depósito 25.08.2015   BNPHU PD 972.93054 F745r 46551-10 25.06.2020   25.06.2020 Libro    
    Dewey Decimal Classification Excluido de préstamo   Patrimonio Dominicano Biblioteca Nacional Pedro Henríquez Ureña Biblioteca Nacional Pedro Henríquez Ureña Depósito 25.08.2015   BNPHU PD 972.93054 F745r 46551-20 25.06.2020 e.2 25.06.2020 Libro    
    Dewey Decimal Classification Préstamo en sala   Dominicana de Servicio Biblioteca Nacional Pedro Henríquez Ureña Biblioteca Nacional Pedro Henríquez Ureña Depósito 26.09.2023     BNPHU DS 972.93054 F745r 2023-6427 26.09.2023 e.4 26.09.2023 Libro    
    Dewey Decimal Classification Préstamo en sala   Dominicana de Servicio Biblioteca Nacional Pedro Henríquez Ureña Biblioteca Nacional Pedro Henríquez Ureña Depósito 11.02.2025     BNPHU DS 972.93054 F745r 2025-0919 11.02.2025 e.5 11.02.2025 Libro Donado por la Presidencia de la República Dominicana 2023 Pertenecio a la biblioteca personal de René Rodríguez Soriano

Con tecnología Koha